Manual para el Ideario de Duarte, ampliado, contextualizado y anotado (Record no. 7643)

MARC details
000 -LEADER
campo de control de longitud fija 00411nam a2200145Ia 4500
001 - NÚMERO DE CONTROL
campo de control 2909
008 - DATOS DE LONGITUD FIJA--INFORMACIÓN GENERAL
campo de control de longitud fija 241024s9999 xx 000 0 und d
020 ## - NÚMERO INTERNACIONAL ESTÁNDAR DEL LIBRO
Número Internacional Estándar del Libro 978-9945-445-10-7
082 ## - NÚMERO DE LA CLASIFICACIÓN DECIMAL DEWEY
Número de clasificación RD/923.27293/SU939m
100 ## - ENTRADA PRINCIPAL--NOMBRE DE PERSONA
Nombre de persona Suazo Ruiz. Sócrate
245 #0 - MENCIÓN DEL TÍTULO
Título Manual para el Ideario de Duarte, ampliado, contextualizado y anotado
260 ## - PUBLICACIÓN, DISTRIBUCIÓN, ETC.
Nombre del editor, distribuidor, etc. Edita Libros
Fecha de publicación, distribución, etc. 2013
901 ## - ELEMENTOS DE DATOS A LOCAL LDA (RLIN)
a 13/6/2013 3:19:04 p.m.

No items available.

© 2024. Todos los Derechos Reservados. Desarrollado por IDEICE